000 00304nam a22001337a 4500
008 170504b xxu||||| |||| 00| 0 eng d
020 _a9781405197656
041 _aeng
080 _a34
100 _a15
101 _aSHJ
245 _aUNDERSTANDING INTERNATIONAL LAW
_cHENDERSON, C.W
942 _2udc
_cBK
999 _c12702
_d12702